Steelers 2022-2023 Roster - Statistics

General Stats
  • This quiz has been taken 905 times
    871 since last reset
  • The average score is 25 of 56
Answer Stats
Hint Answer % Correct
QB Kenny Pickett
98%
RB Najee Harris
96%
WR George Pickens
92%
QB Mason Rudolph
91%
WR Diontae Johnson
90%
ED T.J Watt
88%
QB Mitch Trubisky
87%
FB Derek Watt
84%
RB Jaylen Warren
82%
DE Cameron Heyward
80%
TE Connor Heyward
78%
FS Minkah Fitzpatrick
73%
K Chris Boswell
67%
TE Pat Freiermuth
65%
ED Alex Highsmith
63%
WR Chase Claypool
59%
RB Benny Snell
57%
WR Calvin Austin
55%
P Pressley Harvin
53%
LB Devin Bush
49%
TE Zach Gentry
49%
C Mason Cole
47%
SS Terrell Edmunds
47%
CB Cameron Sutton
45%
LB Myles Jack
45%
LT Dan Moore
43%
RG James Daniels
41%
C Kendrick Green
39%
CB Ahkello Witherspoon
38%
WR Miles Boykin
38%
RT Chukwama Okorafor
37%
LG Kevin Dotson
37%
CB Levi Wallace
37%
LB Mark Robinson
37%
LB Robert Spillane
36%
LS Christian Kuntz
33%
FS Demontae Kazee
32%
DE Larry Ogunjobi
32%
WR Gunner Olszewski
30%
CB James Pierre
27%
DT Tyson Alualu
27%
DE DeMarvin Leal
26%
ED Jamir Jones
26%
DE Isaiahh Loudermilk
22%
DT Montravious Adams
22%
LB Marcus Allen
21%
FS Tre Norwood
20%
DE Chris Wormley
19%
SS Miles Killebrew
19%
ED Malik Reed
16%
C J.C Hassenauer
14%
LG Jesse Davis
13%
SS Karl Joseph
8%
RG Trent Scott
8%
LB Delontae Scott
7%
ED David Anenih
1%
No matching quizzes found
Score Distribution
Percent of People with Each Score
Percentile by Number Answered
Your Score History
You have not taken this quiz since the last reset